Statistics for Famous Roller Coaster Manufacturers and Designers

Click here to take the quiz!

General Stats

  • This quiz has been taken 214 times
    (212 since last reset)
  • The average score is 10 of 17

Answer Stats

HintAnswer% Correct
Swiss company; made both the tallest and fastest roller coasters on EarthIntamin
99%
Swiss company; makes very smooth ridesBolliger and Mabillard
97%
American company; converts old wooden coasters into hybrid steel coastersRocky Mountain Construction
95%
Dutch company; makes popular cloned coaster models; not known for smoothnessVekoma
92%
American company; made the first steel tubular track roller coasterArrow Development/Arrow Dynamics
86%
American company; known for smooth wooden coastersGreat Coasters International
86%
German company; known for multi-launch roller coastersMack Rides
79%
German engineer; made first modern looping coasterAnton Schwarzkopf
61%
Japanese company; makes sit-down and stand-up coasters; not known for qualityTOGO
61%
Italian company; known more for flat rides than roller coastersZamperla
58%
German company; makes spinning coasters, X-car coastersMaurer AG
45%
American company; made rough wood coasters, some designed by Curtis D. SummersDinn Corporation
42%
American company; known for making rough, bad wooden coastersRoller Coaster Corporation of America
33%
American engineer; designed the first 4th Dimension (4D) coasterAlan Schilke
26%
Italian company; made many compact cloned coaster models; not known for qualityPinfari
22%
German engineer; designed over 600 roller coasters worldwideWerner Stengel
17%
American engineer; was prone to motion sicknessRon Toomer
3%

Score Distribution

Percentile by Number Answered

Percent of People with Each Score

Your Score History

You have not taken this quiz since the last reset